[Event "Maisonneuve mem."]
[Site "Gatineau CAN"]
[Date "2008.10.21"]
[Round "1"]
[White "Pilon, Robert"]
[Black "Groleau, Gilles"]
[Result "0-1"]
[WhiteElo "1469"]
[BlackElo "1993"]
[PlyCount "165"]
[GameId "2160767910302871"]
[EventDate "2008.10.21"]
[EventType "swiss"]
[EventRounds "5"]
[EventCountry "CAN"]
[SourceTitle "EXT 2011"]
[Source "ChessBase"]
[SourceDate "2011.11.26"]
[SourceVersion "1"]
[SourceVersionDate "2011.11.26"]
[SourceQuality "1"]

1. e4 c5 2. c3 Nf6 3. e5 Nd5 4. Bc4 Nb6 5. Bb3 d5 6. d4 e6 7. Nf3 Nc6 8. Bf4 Bd7 9. a4 Na5 10. Bc2 c4 11. Na3 a6 12. O-O Be7 13. h3 O-O 14. Nb1 Rc8 15. Nbd2 Re8 16. Qb1 g6 17. Re1 Bc6 18. Qd1 Qd7 19. Bg5 Bxg5 20. Nxg5 Qe7 21. f4 h6 22. Ngf3 Kg7 23. Nh2 Nd7 24. Re3 Nf8 25. Ng4 Nh7 26. Rg3 h5 27. Nf6 Nxf6 28. exf6+ Qxf6 29. Qxh5 Rh8 30. Qe5 Qxe5 31. fxe5 Bd7 32. Rf1 Rc6 33. Rf6 Rh6 34. Rgf3 Be8 35. Rf1 Rb6 36. Rb1 Kf8 37. Kh2 Nb3 38. Nxb3 cxb3 39. Bd3 Bxa4 40. Rbf1 Be8 41. Bxg6 Kg7 42. Bd3 Rxf6 43. Rxf6 Bb5 44. Bb1 Bc4 45. h4 Rc6 46. h5 Rc7 47. g4 Be2 48. Kg3 Bd1 49. h6+ Kh8 50. Rf2 b5 51. Rd2 Bc2 52. Bxc2 bxc2 53. Rxc2 b4 54. Kf4 Kh7 55. g5 a5 56. Ke3 a4 57. Kd3 bxc3 58. Rxc3 Rb7 59. Kc2 Rb4 60. Rc7 Kg6 61. Kc3 Rb3+ 62. Kc2 Rg3 63. h7 Rh3 64. Ra7 Rxh7 65. Rxa4 Kxg5 66. Kc3 f5 67. exf6 Rc7+ 68. Kd3 Kxf6 69. Ra5 Rb7 70. Kc3 Kf5 71. b4 Ke4 72. Ra6 Rc7+ 73. Kb3 Kxd4 74. Rxe6 Kd3 75. b5 Rc3+ 76. Kb4 d4 77. Rc6 Kd2 78. Rd6 d3 79. Rc6 Rc2 80. Ka5 Kd1 81. b6 Rxc6 82. b7 Rc1 83. Ka6 0-1

[Event "Maisonneuve mem."]
[Site "Gatineau CAN"]
[Date "2008.10.21"]
[Round "1"]
[White "Sabourin, Yves"]
[Black "Laurin, Jacques"]
[Result "0-1"]
[WhiteElo "1255"]
[BlackElo "1834"]
[PlyCount "96"]
[GameId "2160767910302872"]
[EventDate "2008.10.21"]
[EventType "swiss"]
[EventRounds "5"]
[EventCountry "CAN"]
[SourceTitle "EXT 2011"]
[Source "ChessBase"]
[SourceDate "2011.11.26"]
[SourceVersion "1"]
[SourceVersionDate "2011.11.26"]
[SourceQuality "1"]

1. d4 Nf6 2. c4 g6 3. Nc3 c6 4. e4 d6 5. Nf3 Qa5 6. a3 Nxe4 7. b4 Nxc3 8. bxa5 Nxd1 9. Kxd1 Bg4 10. Rb1 Bg7 11. d5 cxd5 12. cxd5 O-O 13. Rxb7 Nd7 14. Be3 Rfb8 15. a6 Ne5 16. Be2 Nxf3 17. Bxf3 Bxf3+ 18. gxf3 Rxb7 19. axb7 Rb8 20. Bxa7 Rxb7 21. Be3 Rb5 22. Ke2 Rb2+ 23. Kd3 Rb3+ 24. Kc4 Rxa3 25. Rb1 f5 26. Rb3 Ra1 27. Bg5 Kf7 28. Re3 Ra7 29. h4 f4 30. Re4 Be5 31. Bxf4 Ra4+ 32. Kd3 Ra3+ 33. Ke2 Kf6 34. Bxe5+ dxe5 35. Re3 Ra2+ 36. Kf1 Rd2 37. Re4 Rxd5 38. Kg2 Rd4 39. Kg3 Kf5 40. Re3 Rd1 41. Kg2 e6 42. Re4 Rd4 43. Kg3 Rxe4 44. fxe4+ Kxe4 45. Kg4 h6 46. Kg3 h5 47. Kg2 Kf4 48. f3 e4 0-1

[Event "Maisonneuve mem."]
[Site "Gatineau CAN"]
[Date "2008.10.21"]
[Round "1"]
[White "Thibault, David"]
[Black "Berthiaume, Serge"]
[Result "1-0"]
[WhiteElo "1680"]
[BlackElo "1249"]
[PlyCount "165"]
[GameId "2160767910302873"]
[EventDate "2008.10.21"]
[EventType "swiss"]
[EventRounds "5"]
[EventCountry "CAN"]
[SourceTitle "EXT 2011"]
[Source "ChessBase"]
[SourceDate "2011.11.26"]
[SourceVersion "1"]
[SourceVersionDate "2011.11.26"]
[SourceQuality "1"]

1. e4 e5 2. Nf3 Nc6 3. Bc4 Bc5 4. d3 h6 5. a3 a5 6. Nc3 Nf6 7. h3 d6 8. Bd2 Be6 9. Bb5 O-O 10. Bxc6 bxc6 11. O-O Nd7 12. Qe2 f6 13. Nh2 f5 14. Be3 fxe4 15. dxe4 Bxe3 16. Qxe3 c5 17. b3 Nb8 18. Rfd1 Nc6 19. Ne2 Nd4 20. Nxd4 cxd4 21. Qg3 c5 22. Rab1 Rb8 23. Nf3 Rb7 24. Nd2 Qb8 25. Qd3 Rf6 26. a4 Rg6 27. Rf1 Qc8 28. Kh2 Rf7 29. Qb5 Qd8 30. g3 Bd7 31. Qa6 Bc8 32. Qa8 Qd7 33. g4 Qc7 34. Nc4 Kh7 35. Qxa5 Qe7 36. Qd2 Qh4 37. f3 h5 38. Qf2 Qg5 39. Qg3 hxg4 40. fxg4 Rxf1 41. Rxf1 Rh6 42. Kg2 Ba6 43. Rf5 Qc1 44. Qd3 Bxc4 45. Qxc4 Qd2+ 46. Rf2 Qe3 47. Rf3 Qxe4 48. Qd3 Qxd3 49. Rxd3 e4 50. Rg3 Rf6 51. g5 Rf8 52. Rg4 e3 53. g6+ Kg8 54. Re4 Rf2+ 55. Kg3 Kf8 56. c3 d5 57. Re5 d3 58. Rxe3 d2 59. Rd3 c4 60. bxc4 dxc4 61. Rd4 Re2 62. Kf3 Rh2 63. Ke3 Ke7 64. Rxd2 Rxh3+ 65. Kd4 Rh4+ 66. Ke5 Rh5+ 67. Kd4 Rh4+ 68. Kc5 Rh5+ 69. Kxc4 Ke6 70. Rg2 Kd6 71. Kb4 Kc6 72. Rg4 Kb6 73. Re4 Kc6 74. Re6+ Kd5 75. Re7 Rh4+ 76. Kb5 Rh5 77. Rxg7 Ke6+ 78. Kb6 Kf6 79. Rg8 Rh3 80. c4 Rb3+ 81. Kc5 Ra3 82. Kb4 Rg3 83. a5 1-0

[Event "Maisonneuve mem."]
[Site "Gatineau CAN"]
[Date "2008.10.28"]
[Round "2"]
[White "Arsenault, Michel"]
[Black "Beriault, Silvain"]
[Result "1-0"]
[WhiteElo "1989"]
[BlackElo "1650"]
[PlyCount "49"]
[GameId "2160767910302874"]
[EventDate "2008.10.21"]
[EventType "swiss"]
[EventRounds "5"]
[EventCountry "CAN"]
[SourceTitle "EXT 2011"]
[Source "ChessBase"]
[SourceDate "2011.11.26"]
[SourceVersion "1"]
[SourceVersionDate "2011.11.26"]
[SourceQuality "1"]

1. c4 Nf6 2. g3 e6 3. Bg2 d5 4. Nf3 Nbd7 5. O-O Be7 6. b3 O-O 7. Bb2 c6 8. Nc3 Re8 9. Qc2 Qc7 10. Rac1 Nb6 11. d3 a5 12. e4 Nbd7 13. exd5 cxd5 14. cxd5 Nxd5 15. Nxd5 Qxc2 16. Nxe7+ Rxe7 17. Rxc2 Nf6 18. Ne5 Nd5 19. Rfc1 Re8 20. Bxd5 exd5 21. Rc7 f6 22. Nf7 Be6 23. Nd6 Reb8 24. Re1 Bh3 25. Ree7 1-0

[Event "Maisonneuve mem."]
[Site "Gatineau CAN"]
[Date "2008.10.28"]
[Round "2"]
[White "Arsenault, Yves"]
[Black "Guimond, Michel"]
[Result "0-1"]
[WhiteElo "1479"]
[BlackElo "1847"]
[PlyCount "86"]
[GameId "2160767910302875"]
[EventDate "2008.10.21"]
[EventType "swiss"]
[EventRounds "5"]
[EventCountry "CAN"]
[SourceTitle "EXT 2011"]
[Source "ChessBase"]
[SourceDate "2011.11.26"]
[SourceVersion "1"]
[SourceVersionDate "2011.11.26"]
[SourceQuality "1"]

1. e4 e6 2. d4 d5 3. Nd2 Nf6 4. e5 Nfd7 5. Ngf3 c5 6. c3 Nc6 7. Bb5 cxd4 8. cxd4 f5 9. Nb3 h6 10. Qc2 Nb4 11. Qc3 Qb6 12. Be2 Nxa2 13. Qc2 Nxc1 14. Rxc1 g5 15. O-O Rg8 16. Nfd2 g4 17. Nc5 Nxc5 18. dxc5 Qc7 19. Rfe1 Bd7 20. b4 Rc8 21. f4 a5 22. bxa5 Qxa5 23. Nb3 Qb4 24. Rf1 b6 25. Ba6 Rc7 26. Qc3 Qxc3 27. Rxc3 bxc5 28. Be2 c4 29. Nd2 Bc5+ 30. Kh1 Bb4 31. Rc2 Ke7 32. Ra1 Bxd2 33. Rxd2 c3 34. Rc2 Rb8 35. g3 Rb2 36. Rac1 d4 37. Bd3 Rcb7 38. Kg1 Bc6 39. Kf2 Be4 40. Bxe4 fxe4 41. Ke1 Rxc2 42. Rxc2 Rb1+ 43. Kf2 Rb2 0-1

[Event "Maisonneuve mem."]
[Site "Gatineau CAN"]
[Date "2008.10.28"]
[Round "2"]
[White "Berthiaume, Serge"]
[Black "Pilon, Robert"]
[Result "0-1"]
[WhiteElo "1249"]
[BlackElo "1469"]
[PlyCount "56"]
[GameId "2160767910302876"]
[EventDate "2008.10.21"]
[EventType "swiss"]
[EventRounds "5"]
[EventCountry "CAN"]
[SourceTitle "EXT 2011"]
[Source "ChessBase"]
[SourceDate "2011.11.26"]
[SourceVersion "1"]
[SourceVersionDate "2011.11.26"]
[SourceQuality "1"]

1. d4 Nf6 2. c4 e5 3. d5 Bc5 4. e3 d6 5. a3 a6 6. Nc3 O-O 7. Bd3 c6 8. Bc2 cxd5 9. Nxd5 Nxd5 10. cxd5 Qg5 11. g3 Bg4 12. Qd3 f5 13. e4 fxe4 14. Bxg5 exd3 15. Bxd3 Bxf2+ 16. Kd2 Bd4 17. Rb1 Rf2+ 18. Ne2 Nd7 19. Be7 Bxe2 20. Bxe2 Nc5 21. Bxd6 Ne4+ 22. Ke1 Nxd6 23. Bg4 Raf8 24. Be6+ Kh8 25. Rc1 Rxb2 26. Rc7 Rb1+ 27. Ke2 Rf2+ 28. Kd3 Rb3+ 0-1

[Event "Maisonneuve mem."]
[Site "Gatineau CAN"]
[Date "2008.10.28"]
[Round "2"]
[White "Blouin, Francois"]
[Black "Dupont, Claude"]
[Result "1/2-1/2"]
[WhiteElo "1617"]
[BlackElo "1494"]
[PlyCount "142"]
[GameId "2160767910302877"]
[EventDate "2008.10.21"]
[EventType "swiss"]
[EventRounds "5"]
[EventCountry "CAN"]
[SourceTitle "EXT 2011"]
[Source "ChessBase"]
[SourceDate "2011.11.26"]
[SourceVersion "1"]
[SourceVersionDate "2011.11.26"]
[SourceQuality "1"]

1. e4 c5 2. Nc3 d6 3. g3 e5 4. d3 Nf6 5. h3 Nc6 6. Be3 a6 7. Qd2 Be7 8. Bg2 b5 9. a3 Bb7 10. f4 exf4 11. Bxf4 Nh5 12. Nf3 Nxf4 13. Qxf4 Bf6 14. O-O Bxc3 15. bxc3 Qe7 16. Nh4 g5 17. Qe3 gxh4 18. g4 Rb8 19. Rf4 Kd7 20. Raf1 Rbf8 21. Rf6 h6 22. Qf2 Rh7 23. Qxh4 Ne5 24. Qf2 Kc7 25. Qf5 Rhh8 26. Qh5 Ng6 27. Qf5 Ne5 28. Qh5 Bc8 29. Rxh6 Rxh6 30. Qxh6 Ng6 31. Qe3 d5 32. Qg3+ Qd6 33. Qf2 dxe4 34. Bxe4 Ne5 35. Qg2 Bd7 36. Kf2 Bc6 37. Kg1 Bxe4 38. Qxe4 f6 39. g5 Nd7 40. g6 Qg3+ 41. Qg2 Qxg2+ 42. Kxg2 Rg8 43. Kf3 Rxg6 44. h4 Kd6 45. Rh1 Ke6 46. h5 Rh6 47. Kf4 Ne5 48. Rh2 Nf7 49. Re2+ Ne5 50. Rh2 a5 51. Rh1 b4 52. cxb4 cxb4 53. axb4 axb4 54. Rh2 Nc6 55. Re2+ Kd5 56. Kg4 Ne5+ 57. Kf5 Rxh5+ 58. Kxf6 Nc6 59. Kg6 Re5 60. Rf2 Kd4 61. Rf4+ Kd5 62. Rf2 Nd4 63. Rf8 Re6+ 64. Kg5 Re2 65. Rd8+ Kc5 66. Rc8+ Kb6 67. Rb8+ Kc7 68. Rxb4 Nxc2 69. Rb2 Kd6 70. Kf4 Nd4 71. Rxe2 Nxe2+ 1/2-1/2

[Event "Maisonneuve mem."]
[Site "Gatineau CAN"]
[Date "2008.10.28"]
[Round "2"]
[White "Briere, Gilles"]
[Black "Berthiaume, Patrick"]
[Result "1-0"]
[WhiteElo "1298"]
[BlackElo "1206"]
[PlyCount "51"]
[GameId "2160767910302878"]
[EventDate "2008.10.21"]
[EventType "swiss"]
[EventRounds "5"]
[EventCountry "CAN"]
[SourceTitle "EXT 2011"]
[Source "ChessBase"]
[SourceDate "2011.11.26"]
[SourceVersion "1"]
[SourceVersionDate "2011.11.26"]
[SourceQuality "1"]

1. e4 e6 2. d4 d5 3. e5 c5 4. Be3 c4 5. Nf3 Nc6 6. Be2 Qb6 7. b3 Na5 8. c3 cxb3 9. axb3 Nxb3 10. Ra2 Na5 11. Qc2 Bd7 12. Bd2 Ne7 13. O-O Nac6 14. Na3 Qc7 15. Nb5 Qb8 16. Nd6+ Kd8 17. Nxf7+ Ke8 18. Nxh8 Nf5 19. Ng5 b5 20. Nxh7 b4 21. Rb1 a5 22. Nxf8 Kxf8 23. Ng6+ Kf7 24. Bh5 Nfxd4 25. cxd4 Nxd4 26. Nf4+ 1-0

[Event "Maisonneuve mem."]
[Site "Gatineau CAN"]
[Date "2008.10.28"]
[Round "2"]
[White "Danilov, Alex"]
[Black "Lacourse, Guy"]
[Result "1/2-1/2"]
[WhiteElo "1883"]
[BlackElo "1569"]
[PlyCount "147"]
[GameId "2160767910302879"]
[EventDate "2008.10.21"]
[EventType "swiss"]
[EventRounds "5"]
[EventCountry "CAN"]
[SourceTitle "EXT 2011"]
[Source "ChessBase"]
[SourceDate "2011.11.26"]
[SourceVersion "1"]
[SourceVersionDate "2011.11.26"]
[SourceQuality "1"]

1. e4 c5 2. Nf3 d6 3. d4 cxd4 4. Nxd4 Nf6 5. Nc3 a6 6. f3 e5 7. Nb3 Be6 8. Bg5 Nbd7 9. Qd2 b5 10. O-O-O Qc7 11. Kb1 Be7 12. Bxb5 axb5 13. Nxb5 Qc6 14. Nxd6+ Bxd6 15. Qxd6 Qa4 16. a3 Bxb3 17. cxb3 Qxb3 18. Bxf6 Nxf6 19. Qc6+ Ke7 20. Qc7+ Kf8 21. Rd2 g6 22. Qxe5 Qe6 23. Qxe6 fxe6 24. Rc1 Ra7 25. Rc8+ Kg7 26. Rxh8 Kxh8 27. Rd6 Re7 28. b4 Kg7 29. Kb2 Kf7 30. Kc3 Rc7+ 31. Kb3 Ne8 32. Rd8 Ke7 33. Rd2 Rd7 34. Rc2 Rc7 35. Re2 Nd6 36. a4 Nc8 37. a5 Na7 38. Ka4 Rc4 39. a6 Rc1 40. Ra2 Kd7 41. Ka5 Kc6 42. Ka4 Rc3 43. b5+ Kc5 44. Rb2 Kb6 45. Rd2 Nxb5 46. Kb4 Kxa6 47. Ra2+ Kb6 48. Ra5 Rc5 49. Ra8 Rh5 50. Rb8+ Kc6 51. h3 Nc7 52. Kc4 Rg5 53. g4 h5 54. Kd3 hxg4 55. hxg4 Rb5 56. Rg8 g5 57. Rf8 Rc5 58. f4 gxf4 59. Rxf4 Rg5 60. Ke3 e5 61. Rf6+ Kd7 62. Kf3 Ne6 63. Rf7+ Kd6 64. Rh7 Rg8 65. Ra7 Rf8+ 66. Kg3 Rf4 67. Ra6+ Ke7 68. Kh4 Rxe4 69. Kh5 Ng7+ 70. Kg5 Ne6+ 71. Kf5 Nc5 72. Ra5 Rc4 73. Kxe5 Rxg4 74. Rxc5 1/2-1/2

[Event "Maisonneuve mem."]
[Site "Gatineau CAN"]
[Date "2008.10.28"]
[Round "2"]
[White "Groleau, Gilles"]
[Black "Thibault, David"]
[Result "0-1"]
[WhiteElo "1993"]
[BlackElo "1680"]
[PlyCount "190"]
[GameId "2160767910302880"]
[EventDate "2008.10.21"]
[EventType "swiss"]
[EventRounds "5"]
[EventCountry "CAN"]
[SourceTitle "EXT 2011"]
[Source "ChessBase"]
[SourceDate "2011.11.26"]
[SourceVersion "1"]
[SourceVersionDate "2011.11.26"]
[SourceQuality "1"]

1. e4 e5 2. Nf3 Nc6 3. Bb5 Bc5 4. O-O d6 5. c3 Bd7 6. d4 Bb6 7. d5 Nce7 8. Bd3 h6 9. c4 Nf6 10. Nc3 O-O 11. a3 a6 12. b4 Ng6 13. Be3 Bxe3 14. fxe3 Qe7 15. Qc2 Bg4 16. h3 Bd7 17. Qf2 Nh7 18. Qg3 b6 19. Rf2 a5 20. b5 Ng5 21. Raf1 Nxf3+ 22. gxf3 Qh4 23. Kh2 Qxg3+ 24. Kxg3 Kh7 25. f4 f6 26. h4 h5 27. Bc2 Kh6 28. Rg2 Rae8 29. f5 Ne7 30. Kh2 Rg8 31. Bd1 Ref8 32. Ne2 Be8 33. Ng3 Bf7 34. Rfg1 Be8 35. Kh3 g5 36. hxg5+ fxg5 37. Rh2 g4+ 38. Kg2 Kg5 39. Rgh1 Rh8 40. Rh4 Ng8 41. Bxg4 Nf6 42. Bf3 Rfg8 43. Kf2 Rg7 44. Ne2 Rhg8 45. R4h2 Kh6 46. Rg1 Rxg1 47. Nxg1 Bf7 48. Ne2 Rg5 49. Rg2 Rxg2+ 50. Kxg2 Kg5 51. Ng1 Kh4 52. Kh2 Be8 53. Be2 Kg5 54. Nf3+ Kh6 55. Nd2 Kg5 56. Kg3 Kh6 57. Kh4 Bf7 58. Bf3 Be8 59. Nf1 Bf7 60. Ng3 Be8 61. Ne2 Bf7 62. Ng1 Be8 63. Nh3 Nh7 64. a4 Bf7 65. Nf2 Nf6 66. Nd3 Be8 67. Nb2 Bf7 68. Kg3 Kg5 69. Bg2 Be8 70. c5 dxc5 71. Nc4 Nd7 72. d6 cxd6 73. Nxd6 Nf6 74. Nc4 Nd7 75. Nd6 Nf6 76. Bf1 h4+ 77. Kf2 Bh5 78. Bh3 Nd7 79. Ke1 Bg4 80. Nf7+ Kh5 81. Bg2 h3 82. Bh1 Kh4 83. Nh6 Bh5 84. Kf2 Bd1 85. Ng8 Bxa4 86. Ne7 Bxb5 87. Bf3 a4 88. f6 Nxf6 89. Ng6+ Kg5 90. Nxe5 a3 91. Nf7+ Kh4 92. e5 Ne8 93. Bd5 c4 94. Nd6 a2 95. Bxc4 a1=Q 0-1

[Event "Maisonneuve mem."]
[Site "Gatineau CAN"]
[Date "2008.10.28"]
[Round "2"]
[White "Laurin, Jacques"]
[Black "MacIsaac, Alexandre"]
[Result "1-0"]
[WhiteElo "1834"]
[BlackElo "1370"]
[PlyCount "131"]
[GameId "2160767910302882"]
[EventDate "2008.10.21"]
[EventType "swiss"]
[EventRounds "5"]
[EventCountry "CAN"]
[SourceTitle "EXT 2011"]
[Source "ChessBase"]
[SourceDate "2011.11.26"]
[SourceVersion "1"]
[SourceVersionDate "2011.11.26"]
[SourceQuality "1"]

1. c4 e5 2. g3 Nf6 3. Bg2 d5 4. cxd5 Nxd5 5. Nc3 Nf6 6. Qb3 c6 7. Nf3 Nbd7 8. Ng5 Qe7 9. d3 h6 10. Nf3 Qb4 11. Qc2 Bd6 12. Bd2 Qb6 13. O-O a5 14. Be3 Qc7 15. Rac1 Nf8 16. Qd2 Qe7 17. Na4 Be6 18. Bb6 Bb4 19. Qc2 N8d7 20. Bc7 Bd6 21. Bxd6 Qxd6 22. Nc3 O-O 23. Nd2 Bd5 24. e4 Be6 25. Ne2 Nc5 26. Qxc5 Qxd3 27. Qe3 Qxe3 28. fxe3 Rad8 29. Nc4 Bxc4 30. Rxc4 Rd2 31. Nc3 Rc2 32. Bf3 Nd7 33. Rd1 Nb6 34. Rc5 Rxb2 35. Rb1 Rxb1+ 36. Nxb1 Ra8 37. Kf2 Ra6 38. Be2 Ra8 39. Rxe5 Nd7 40. Re7 Nc5 41. Kf3 Kf8 42. Rc7 a4 43. Bc4 Ne6 44. Bxe6 fxe6 45. Rxb7 Ra5 46. Nd2 Rc5 47. Rb2 a3 48. Rb3 Rc2 49. Nb1 Rxa2 50. Nxa3 c5 51. Rc3 Ke7 52. Nb5 Kd7 53. Rxc5 Ra5 54. e5 Ke7 55. Rc7+ Kd8 56. Rb7 g6 57. h4 h5 58. Nd4 Kc8 59. Rg7 Rxe5 60. Rxg6 Kd7 61. Rg5 Rxg5 62. hxg5 h4 63. gxh4 e5 64. Kg4 exd4 65. exd4 Ke7 66. Kf5 1-0

[Event "Maisonneuve mem."]
[Site "Gatineau CAN"]
[Date "2008.10.28"]
[Round "2"]
[White "Lemieux, Richard"]
[Black "Brousseau, Yvan"]
[Result "0-1"]
[WhiteElo "1654"]
[BlackElo "2002"]
[PlyCount "42"]
[GameId "2160767910302883"]
[EventDate "2008.10.21"]
[EventType "swiss"]
[EventRounds "5"]
[EventCountry "CAN"]
[SourceTitle "EXT 2011"]
[Source "ChessBase"]
[SourceDate "2011.11.26"]
[SourceVersion "1"]
[SourceVersionDate "2011.11.26"]
[SourceQuality "1"]

1. d4 d5 2. Nf3 Nc6 3. Bf4 Bg4 4. e3 e6 5. c4 Nf6 6. Bg5 h6 7. Bxf6 Qxf6 8. cxd5 exd5 9. Be2 Bb4+ 10. Nc3 Rd8 11. O-O O-O 12. a3 Bxc3 13. bxc3 b6 14. c4 dxc4 15. Bxc4 Na5 16. Be2 c5 17. d5 Qd6 18. Qa4 Bd7 19. Qd1 Bf5 20. Nh4 Bh7 21. Qd2 Nb3 0-1

[Event "Maisonneuve mem."]
[Site "Gatineau CAN"]
[Date "2008.10.28"]
[Round "2"]
[White "Levesque, Andre"]
[Black "Desjardins, Michel"]
[Result "0-1"]
[WhiteElo "1271"]
[BlackElo "1978"]
[PlyCount "93"]
[GameId "2160767910302884"]
[EventDate "2008.10.21"]
[EventType "swiss"]
[EventRounds "5"]
[EventCountry "CAN"]
[SourceTitle "EXT 2011"]
[Source "ChessBase"]
[SourceDate "2011.11.26"]
[SourceVersion "1"]
[SourceVersionDate "2011.11.26"]
[SourceQuality "1"]

1. e4 d5 2. exd5 Qxd5 3. Nc3 Qd6 4. Bc4 Nf6 5. h3 a6 6. Nf3 b5 7. Bb3 Bb7 8. O-O e6 9. d3 Be7 10. Be3 O-O 11. Qe2 Nbd7 12. Rad1 c5 13. Rfe1 Qc6 14. Nb1 Ne5 15. Nbd2 Rfd8 16. Qf1 Nxf3+ 17. Nxf3 Qc7 18. Qe2 Rac8 19. c4 Qc6 20. Bg5 h6 21. Bf4 Bd6 22. Bxd6 Rxd6 23. Qf1 Nd7 24. cxb5 axb5 25. Bc2 Rd8 26. d4 c4 27. Ne5 Qb6 28. Be4 Bxe4 29. Rxe4 Nxe5 30. Rxe5 Rxd4 31. Rde1 Rd2 32. R5e2 R8d3 33. Kh1 Qd4 34. Rb1 Rxe2 35. Qxe2 Rd2 36. Qe3 Qxe3 37. fxe3 Re2 38. Kg1 Rxe3 39. Kf2 Rd3 40. Ke2 Rd5 41. Rd1 Rxd1 42. Kxd1 Kf8 43. Kd2 Ke7 44. b3 cxb3 45. axb3 Kd6 46. Kc2 Kc5 47. Kc3 0-1

[Event "Maisonneuve mem."]
[Site "Gatineau CAN"]
[Date "2008.10.28"]
[Round "2"]
[White "Menard, Marc"]
[Black "Libersan, Mattieu"]
[Result "1-0"]
[WhiteElo "1576"]
[BlackElo "1902"]
[PlyCount "89"]
[GameId "2160767910302885"]
[EventDate "2008.10.21"]
[EventType "swiss"]
[EventRounds "5"]
[EventCountry "CAN"]
[SourceTitle "EXT 2011"]
[Source "ChessBase"]
[SourceDate "2011.11.26"]
[SourceVersion "1"]
[SourceVersionDate "2011.11.26"]
[SourceQuality "1"]

1. e4 c5 2. Nf3 Nc6 3. d4 cxd4 4. Nxd4 Nf6 5. Nc3 e5 6. Ndb5 d6 7. Be2 a6 8. Na3 b5 9. Nd5 Ne7 10. Nxf6+ gxf6 11. O-O d5 12. Re1 Bg7 13. b3 O-O 14. exd5 Nxd5 15. c4 bxc4 16. Nxc4 Nc3 17. Qc2 Nxe2+ 18. Rxe2 Be6 19. Ba3 Bxc4 20. Qxc4 Re8 21. Rc1 Rc8 22. Qxc8 Qxc8 23. Rxc8 Rxc8 24. Kf1 Bf8 25. Bxf8 Kxf8 26. Rd2 Ke7 27. Ke2 Ke6 28. Kd1 f5 29. Rc2 Rxc2 30. Kxc2 Kd5 31. Kd3 e4+ 32. Ke3 Ke5 33. f3 h5 34. g3 a5 35. a3 Kd5 36. b4 axb4 37. axb4 exf3 38. Kxf3 Kc4 39. Kf4 Kxb4 40. Kxf5 Kc5 41. Kf6 Kd5 42. Kxf7 Ke5 43. Kg6 h4 44. gxh4 Ke6 45. h5 1-0

[Event "Maisonneuve mem."]
[Site "Gatineau CAN"]
[Date "2008.10.28"]
[Round "2"]
[White "Rainey, Ivan"]
[Black "Sabourin, Yves"]
[Result "1/2-1/2"]
[WhiteElo "1475"]
[BlackElo "1255"]
[PlyCount "92"]
[GameId "2160767910302886"]
[EventDate "2008.10.21"]
[EventType "swiss"]
[EventRounds "5"]
[EventCountry "CAN"]
[SourceTitle "EXT 2011"]
[Source "ChessBase"]
[SourceDate "2011.11.26"]
[SourceVersion "1"]
[SourceVersionDate "2011.11.26"]
[SourceQuality "1"]

1. d4 d5 2. c4 e6 3. Nc3 Nf6 4. e3 Be7 5. Bd3 O-O 6. f4 Nc6 7. Nf3 b6 8. a3 dxc4 9. Bxc4 Nd5 10. Qc2 Bb7 11. e4 Nxc3 12. bxc3 Na5 13. Bd3 c5 14. h4 cxd4 15. e5 Bxf3 16. Bxh7+ Kh8 17. gxf3 Bxh4+ 18. Kd1 dxc3+ 19. Ke2 f5 20. Bg6 Nc6 21. Be3 Ne7 22. Rag1 Nxg6 23. Rxg6 Qe7 24. Rg2 Kg8 25. Rgh2 Qxa3 26. Rxh4 b5 27. Bc1 Qc5 28. Qb3 Kf7 29. Ba3 b4 30. Bxb4 Rfb8 31. Qa4 Qxb4 32. Qc6 Qb5+ 33. Qxb5 Rxb5 34. Rc1 Rc5 35. Rc2 Rb8 36. Kd3 Rd8+ 37. Ke3 a5 38. Rh1 a4 39. Ra1 Ra5 40. Rxc3 Rda8 41. Rca3 Kg6 42. Kd3 Kf7 43. Kc4 Rd8 44. Rxa4 Rxa4+ 45. Rxa4 Rd1 46. Ra7+ Kf8 1/2-1/2

[Event "Maisonneuve mem."]
[Site "Gatineau CAN"]
[Date "2008.10.28"]
[Round "2"]
[White "Sunatori, Evelyne"]
[Black "Carriere, Stephen"]
[Result "1-0"]
[WhiteElo "1132"]
[BlackElo "1301"]
[PlyCount "101"]
[GameId "2160767910302887"]
[EventDate "2008.10.21"]
[EventType "swiss"]
[EventRounds "5"]
[EventCountry "CAN"]
[SourceTitle "EXT 2011"]
[Source "ChessBase"]
[SourceDate "2011.11.26"]
[SourceVersion "1"]
[SourceVersionDate "2011.11.26"]
[SourceQuality "1"]

1. e4 g6 2. Nf3 d6 3. d4 Bg7 4. Nc3 Nf6 5. g3 Nc6 6. Bg2 O-O 7. O-O Bg4 8. Be3 Qd7 9. Qd2 Nh5 10. Ng5 h6 11. f3 hxg5 12. fxg4 Qxg4 13. Nb5 f5 14. h3 Qxg3 15. Rf3 Qh4 16. Bxg5 Qxe4 17. Re1 Bxd4+ 18. Kh1 Qd5 19. Nxc7 Qc5 20. Nxa8 Ne5 21. Bxe7 Nxf3 22. Bxf3 Rxa8 23. Bxh5 Qd5+ 24. Qg2 Qxg2+ 25. Kxg2 gxh5 26. Bxd6 Bxb2 27. Re7 Rd8 28. Bf4 Rd4 29. Be3 Rc4 30. Rxb7 Rxc2+ 31. Kf3 a5 32. Rb5 Bc3 33. a3 Ra2 34. Rb3 Bb2 35. Bc5 Kg7 36. Rb5 Bc3 37. Rb6 Bb2 38. Ra6 Bc3 39. Kf4 Be1 40. Kxf5 Rh2 41. Bd4+ Kf7 42. Ra7+ Ke8 43. Ke6 Kd8 44. Bf6+ Kc8 45. Kd6 Rxh3 46. Re7 Rd3+ 47. Kc6 Kb8 48. Rxe1 Rxa3 49. Re8+ Ka7 50. Bd4+ Ka6 51. Ra8# 1-0

[Event "Maisonneuve mem."]
[Site "Gatineau CAN"]
[Date "2008.11.04"]
[Round "3"]
[White "Beriault, Silvain"]
[Black "Pilon, Robert"]
[Result "1-0"]
[WhiteElo "1650"]
[BlackElo "1469"]
[PlyCount "131"]
[GameId "2160767910302888"]
[EventDate "2008.10.21"]
[EventType "swiss"]
[EventRounds "5"]
[EventCountry "CAN"]
[SourceTitle "EXT 2011"]
[Source "ChessBase"]
[SourceDate "2011.11.26"]
[SourceVersion "1"]
[SourceVersionDate "2011.11.26"]
[SourceQuality "1"]

1. d4 Nf6 2. c4 e5 3. dxe5 Ne4 4. Nf3 Nc6 5. Qc2 d5 6. exd6 Bf5 7. e3 Ng3 8. Bd3 Bxd3 9. Qxd3 Nxh1 10. Qe4+ Be7 11. dxe7 Nxe7 12. b3 Qd1+ 13. Kxd1 Nxf2+ 14. Ke2 Nxe4 15. Bb2 O-O 16. Nc3 Nxc3+ 17. Bxc3 c5 18. Rf1 Rad8 19. Ng5 b6 20. h4 Rd7 21. h5 h6 22. Ne4 Rfd8 23. Rf3 f5 24. Ng3 Rd3 25. Bd4 cxd4 26. Kxd3 dxe3+ 27. Kxe3 Re8 28. Kd2 Rf8 29. Rd3 Rf7 30. Rd7 f4 31. Ne2 f3 32. gxf3 Nf5 33. Rxf7 Kxf7 34. Kd3 g6 35. Ke4 Kf6 36. hxg6 Kxg6 37. Nf4+ Kf6 38. Nd5+ Kg6 39. Ke5 h5 40. Nf4+ Kg5 41. Nxh5 Nh4 42. Ng7 Nxf3+ 43. Kd5 Ne1 44. Ne6+ Kf5 45. Nd4+ Kf6 46. Nb5 Nd3 47. a3 Nc5 48. b4 Na4 49. Nxa7 Ke7 50. Kc6 Kd8 51. Kb5 Nb2 52. Nc6+ Kc7 53. Ne7 Nd3 54. Nd5+ Kb7 55. Nxb6 Ne5 56. Nd5 Nc6 57. c5 Na7+ 58. Kc4 Kc6 59. a4 Nc8 60. b5+ Kb7 61. c6+ Ka7 62. Kc5 Kb8 63. b6 Nxb6 64. Kxb6 Kc8 65. Ne7+ Kd8 66. c7+ 1-0